| 000 | 00526nam a22001817a 4500 | ||
|---|---|---|---|
| 003 | CEME | ||
| 005 | 20210628202050.0 | ||
| 008 | 210224b xxu||||| |||| 00| 0 eng d | ||
| 020 | _a1-58053-081-8 | ||
| 040 | _c. | ||
| 082 | _a621.3848 RIC | ||
| 100 |
_aRihaczek, August W Hershkowitz, Stephen J _958133 |
||
| 245 | _aTheory and practice of radar target indentification | ||
| 260 |
_aLONDON _bARTECH HOUSE _c2000 |
||
| 300 | _aXXI,737P | ||
| 650 |
_aRADAR TARGETS IDENTIFICATION IMAGING SYSTEMS _958134 |
||
| 942 |
_cBK _2ddc |
||
| 999 |
_c568348 _d568348 |
||